| 000 | 00412pab a2200145 454500 | ||
|---|---|---|---|
| 008 | 180718b1988 xxu||||| |||| 00| 0 eng d | ||
| 100 | _aPeritore, N. Patrick | ||
| 245 |
_aHigh - techimport substitution _bBrazil's computer policy and the possibilities for social transformation |
||
| 260 | _c1988 | ||
| 300 | _a27-54 | ||
| 362 | _aJan. | ||
| 650 | _aComputers - Brazil | ||
| 773 | _aAlternatives | ||
| 909 | _a6405 | ||
| 999 |
_c6405 _d6405 |
||